01127nam a2200289 a 4500001001000000003000900010005001700019007001000036008004100046020001500087040002200102100002300124245017100147260004000318300003000358490002000388500006300408500007100471505004200542700002400584830002000608942001200628945003900640952010500679956003800784999001500822000044363DO-SdBNP20180402102645.0000044363140624s1999 dr a 000 j spa d a9592092478 aBPMETbspacBPMET1 aLuciano, Margarita13aEl día en que dos ciudades contrarias descubrieron que eran hermanas ;bUn lugar posible. /cMargarita Luciano, Olga Marta Pérez; ilustraciones Miriam González. aSanto Domingo, :bFerilibro,c1999. a13, 32 p. bil. c22 cm. 1 aDiente de leche aDos obras encuadernadas juntas con paginación invertida. aIncluye datos biográficos de las autoras en las contraportadas 0 aUn lugar posiblerPérez, Olga Marta12aPérez, Olga Marta 0aDiente de leche 2ddccBK aRemanejado para la BNPHU / 2018 VM 00102ddc40708DOMaBPMETbBPMETd2015-02-02l0pBPMSU15040969r2015-02-02t1 ej. w2015-02-02yBK aVMATEOb10c20150202lBPMSUh0069 c7303d7303